Statistiques concernant Toutes les chansons de Notre-Dame de Paris (1998)

Cliquez ici pour prendre le quiz!

Statistiques générales

  • Ce quiz a été pris 21 fois
  • Le résultat moyen est 19 sur 53

Statistiques - réponses

Réponse% Correct
Belle
100%
Le temps des cathédrales
94%
Bohémienne
61%
Les cloches
61%
Beau comme le soleil
56%
Déchiré
56%
La monture
56%
Les oiseaux qu’on met en cage
50%
Les sans papiers
50%
Lune
50%
Phoebus
50%
Vivre
50%
Ces diamants-là
44%
Danse mon Esmeralda
44%
Esmeralda tu sais
44%
La cour des miracles
44%
À boire
39%
Être prêtre et aimer une femme
39%
Fatalité
39%
La fête des fous
39%
La torture
39%
Le procès
39%
Les portes de Paris
39%
Le val d’amour
39%
Tu vas me détruire
39%
Anarkia
33%
Dieu que le monde est injuste
33%
Florence
33%
Le pape des fous
33%
Libérés
33%
Un matin tu dansais
33%
Je reviens vers toi
28%
La volupté
28%
Ma maison, c’est ta maison
28%
Ouverture
28%
Condamnés
22%
Déportés
22%
Je te laisse un sifflet
22%
La sorcière
22%
L’attaque de Notre-Dame
22%
L’enfant trouvé
22%
L’ombre
22%
Mon maître, mon sauveur
22%
Où est-elle ?
22%
Donnez-la moi
17%
Intervention de Frollo
17%
Le mot Phoebus
17%
Tentative d’enlèvement
17%
Visite de Frollo à Esmeralda
17%
Ave Maria païen
11%
Je sens ma vie qui bascule
11%
Danse mon Esmeralda - saluts
6%
Le temps des cathédrales - rappel
6%

Distribution des résultats

Percentile par nombre de réponses

% des personnes avec chaque résultat

Votre développement - résultats

Vous n’avez pas pris ce quiz